| 000 | 02395nam0a2200337 i 4500 | ||
|---|---|---|---|
| 001 | RU\NLR\BIBL_A\010533361 | ||
| 005 | 20241103075822.0 | ||
| 010 |
_a9785852187338 _9100 |
||
| 021 |
_aRU _b2014-69998 _94289 |
||
| 035 | _a(NILC)RuMoRGB-007553747 | ||
| 035 | _a(NLR Aleph) 010533361 | ||
| 090 |
_a10266610 _c10266610 |
||
| 100 | _a20141118d2014 u y0rusy50 ca | ||
| 101 | 0 | _arus | |
| 102 | _aRU | ||
| 105 | _aa|||j|||000yy | ||
| 200 | 1 |
_aАтлетическая гимнастика в профилактике заболеваний опорно-двигательного аппарата _eучебное пособие _ecпециальность 050720 - "Физическая культура", направление подготовки 050100 - "Педагогическое образование", профиль подготовки - "Физическая культура" _fМ.Г. Ишмухаметов _gМ-во образования и науки Российской Федерации, Федеральное гос. бюджетное образовательное учреждение высш. проф. образования "Пермский гос. гуманитарно-пед. ун-т" |
|
| 210 |
_aПермь _cПГГПУ _d2014 |
||
| 215 |
_a270 с. _cил. _d21 |
||
| 300 | _aНа 4-й с. обл. авт.: М.Г. Ишмухатетов, д.п.н., проф., засл. работник высш шк. Рос. Федерации, акад. Рос. акад естествознания и Междунар. акад. наук пед. образования, засл. деят. науки и образования РАЕН | ||
| 320 | _aБиблиогр.: с. 212-218 (88 назв.) | ||
| 606 | 1 |
_aАтлетическая гимнастика _jУчебные издания _xВлияние на организм _92022958 _3RU\NLR\AUTH\661215903 |
|
| 606 |
_aОпорно-двигательный аппарат _jУчебные издания _xБолезни _xПрофилактика _xПрименение атлетической гимнастики _92207092 _3RU\NLR\AUTH\6601560327 |
||
| 686 | 1 | _aЧ516.911.04я7 | |
| 686 | 1 | _aР458.2-541я7 | |
| 700 | 1 |
_aИшмухаметов _bМ. Г. _gМансур Гумерович |
|
| 801 | 0 |
_aRU _bРГБ _c20140917 _gRCR |
|
| 942 | _cBOOK | ||
| 980 | _aNBR | ||